| 000 | 00369nam a2200145Ia 4500 | ||
|---|---|---|---|
| 008 | 240624s9999 xx 000 0 und d | ||
| 041 | _aeng | ||
| 082 | _a300.72 GIL | ||
| 100 | _aGILL JOHN | ||
| 245 | _aRESEARCH METHODS FOR MANAGERS | ||
| 250 | _a(4th ed.) | ||
| 260 |
_c2011 _aLondon _bSage International |
||
| 300 | _axii, : 270 : p. : cm. ; 24 | ||
| 365 |
_cGBP _b38 |
||
| 999 |
_c22623 _d22623 |
||